000 00593nam a2200181Ia 4500
008 220216s9999 xx 000 0 und d
100 _aVijayakumar K.R.
245 0 _aAgroclimate
260 _bIn: Natural rubber: Agromanagement and crop processing. (Eds. P.J. George and C. Kuruvilla Jacob). Rubber Research Institute of India, Kottayam, India, pp. 97-116.
_c2000
650 _aClimate
650 _aNon traditional region
650 _aRainfall
650 _aRelative humidity
650 _aRubber growing soil
700 _aChandrashekar T.R.
700 _aPhilip V.
942 _cBS
999 _c53044
_d53044